| 000 | 00845nam a22002531u 4500 | ||
|---|---|---|---|
| 001 | 06072 | ||
| 003 | HDC | ||
| 007 | cr bn --- | ||
| 008 | 210122p xx fo d 00 engg | ||
| 040 | _aHDC | ||
| 245 | 0 |
_aWORLD HALAL CONFERENCE 2014 : _bDubai Logistic Corridor (DLC) |
|
| 260 |
_a[No place] : _b[publisher not identified], _c2014 |
||
| 300 |
_a33 pages : _bIllustrations |
||
| 336 |
_atext _2rdacontent |
||
| 337 |
_acomputer _2rdamedia |
||
| 338 |
_aonline resource _2rdacarrier |
||
| 650 |
_aEconomic profile _96373 |
||
| 650 |
_aHalal industry _9144 |
||
| 650 |
_aLogistic Corridor _96372 |
||
| 856 | _zRequest full-text at [email protected] | ||
| 942 | _2lcc | ||
| 942 | _cSLIDE | ||
| 942 | _kSLID 000670 | ||
| 999 |
_c3396 _d3396 |
||